000 01328nam a2200361 i 4500
001 197795
003 ES-MaACL
005 20250904063114.0
008 231215s2016 sp 000 p spa
015 _aMON16
017 _aCO 1878-2016
_bOficina Depósito Legal Córdoba
020 _a9788494288791
035 _a(OCoLC)1011613002
035 _a(SpMaBN)a6096518
040 _aSpMaBN
_bspa
_cSpMaBN
_erdc
080 _a821.134.2-14"19"
100 1 _aVaro Baena, Antonio,
_d1959-
_4aut
_9113241
_eaut
245 1 3 _aLa casa /
_cAntonio Varo Baena.
250 _aPrimera edición: octubre 2016
260 _aRute, Córdoba :
_bÁnfora Nova,
_c2016.
300 _a54 páginas ;
_c20 cm.
336 _aTexto (visual)
_2isbdcontent
337 _asin mediación
_2isbdmedia
338 _2rdacarrier
_avolumen
490 1 _aÁnfora nova. Serie Poesía ;
_v59
655 7 _aPoesías
_2tgfbne
_9176539
852 _aES-MaACL
_cDEPOJ
_jN-10638
_gDedicatoria autógrafa del autor
_hDonación: Antonio Varo Baena
_xEncuadernación rústica con solapas
_9206761
903 _9113241
_aVaro Baena, Antonio,
_d1959-
_ednr
942 _cMONOGRAFIA
_n0
999 _c197795
_d197795